[Event "UKR Ch"]
[Site "Yalta UKR"]
[Date "1978.??.??"]
[Round "?"]
[White "Novopashin, Arkady"]
[Black "Lerner, Konstantin Z"]
[Result "0-1"]
[WhiteElo "2435"]
[BlackElo "2445"]
[PlyCount "80"]
[EventDate "1978.??.??"]
[Source "www.chesslib.no"]
[SourceDate "2004.05.04"]

1. c4 Nf6 2. Nc3 e6 3. e4 c5 4. e5 Ng8 5. Nf3 Nc6 6. d4 cxd4 7. Nxd4 Nxe5 8. Ndb5 a6 9. Nd6+ Bxd6 10. Qxd6 f6 11. Bf4 Nf7 12. Qd2 Ne7 13. Be2 O-O 14. O-O d6 15. Rfd1 e5 16. Be3 Be6 17. Na4 Qe8 18. Nb6 Rd8 19. Bf3 f5 20. Re1 e4 21. Bh5 Qc6 22. Nd5 Bxd5 23. cxd5 Qxd5 24. Bd1 Qxd2 25. Bxd2 Nc6 26. Be3 d5 27. Bb6 Rd7 28. Bb3 Nfe5 29. Rad1 Nd3 30. Re3 Nce5 31. f3 Kh8 32. Re2 Rc8 33. fxe4 fxe4 34. Rf1 h6 35. Bd4 Rf7 36. Rc2 Rxf1+ 37. Kxf1 Nc6 38. Kg1 Re8 39. Bb6 e3 40. Kf1 Nf4 0-1

[Event "Lublin"]
[Site "Lublin"]
[Date "1974.??.??"]
[Round "11"]
[White "Pribyl, Josef"]
[Black "Lengyel, Levente"]
[Result "1-0"]
[WhiteElo "2455"]
[BlackElo "2420"]
[PlyCount "55"]
[EventDate "1974.??.??"]
[Source "ChessBase"]

1. c4 Nf6 2. Nc3 e6 3. e4 c5 4. e5 Ng8 5. d4 cxd4 6. Qxd4 Nc6 7. Qe4 f5 8. Qe2 d6 9. Nf3 dxe5 10. Nxe5 Nf6 11. Nxc6 bxc6 12. g3 Bd6 13. Bg2 Bd7 14. Bg5 Be7 15. Rd1 Qc8 16. O-O O-O 17. Bf4 Be8 18. Rfe1 Bf7 19. Bd6 Re8 20. Bxe7 Rxe7 21. Rd6 Rc7 22. Qf3 Rb8 23. b3 Bh5 24. Qf4 Bf7 25. Rxc6 Rxc6 26. Bxc6 Rb6 27. Bf3 Be8 28. Qd4 1-0

[Event "300 Years"]
[Site "St Petersburg"]
[Date "2003.10.22"]
[Round "5"]
[White "Kostin, Konstantin"]
[Black "Neverov, Valeriy"]
[Result "0-1"]
[WhiteElo "2320"]
[BlackElo "2550"]
[PlyCount "134"]
[EventDate "2003.10.18"]
[Source "Roberto Alvarez"]
[SourceDate "2003.10.27"]

1. c4 Nf6 2. Nc3 e6 3. e4 c5 4. e5 Ng8 5. Nf3 Nc6 6. d4 cxd4 7. Nxd4 Nxe5 8. Ndb5 f6 9. Be3 a6 10. Nd6+ Bxd6 11. Qxd6 Ne7 12. Bb6 Nf5 13. Bxd8 Nxd6 14. Bc7 Ke7 15. O-O-O Ne8 16. Ba5 d6 17. f4 Nd7 18. Bd3 b6 19. Be4 Ra7 20. Bb4 Bb7 21. Rhe1 Bxe4 22. Rxe4 f5 23. Re3 h5 24. Kb1 Rh6 25. Ne2 Nc5 26. Nd4 Kd7 27. Nf3 Ne4 28. h4 Rc7 29. b3 N8f6 30. Ng5 a5 31. Ba3 Rg6 32. Nf7 Rxg2 33. Nxd6 Kc6 34. Nb5 Rd7 35. Rxd7 Kxd7 36. Rd3+ Kc8 37. Be7 Rd2 38. Re3 Kd7 39. Ba3 Rd1+ 40. Kc2 Rd2+ 41. Kb1 Ng4 42. Re1 e5 43. Bc1 Rd3 44. Kc2 Rh3 45. Rd1+ Ke6 46. Nc7+ Kf7 47. Rd7+ Kg6 48. Ne6 Rh2+ 49. Kd1 Ngf2+ 50. Kc2 Nh3+ 51. Kd1 Kf6 52. Nxg7 Nhf2+ 53. Kc2 Nd3+ 54. Kxd3 Nc5+ 55. Ke3 Nxd7 56. Nxh5+ Kg6 57. Ng3 exf4+ 58. Kxf4 Rxh4+ 59. Kf3 Ne5+ 60. Kg2 f4 61. Nf1 Kf5 62. Bd2 Ke4 63. Bc3 Rg4+ 64. Kh3 Rg8 65. Nd2+ Kf5 66. Bd4 Rg3+ 67. Kh2 Rd3 0-1

[Event "Majdanpek"]
[Site "Majdanpek"]
[Date "1976.??.??"]
[Round "1"]
[White "Pribyl, Josef"]
[Black "Janosevic, Dragoljub"]
[Result "1/2-1/2"]
[WhiteElo "2435"]
[BlackElo "2435"]
[PlyCount "80"]
[EventDate "1976.01.??"]
[Source "ChessBase"]

1. c4 Nf6 2. Nc3 e6 3. e4 c5 4. e5 Ng8 5. d4 cxd4 6. Qxd4 Nc6 7. Qe4 d6 8. Nf3 dxe5 9. Nxe5 Nf6 10. Nxc6 Qb6 11. Qf3 bxc6 12. Be2 Be7 13. O-O O-O 14. b3 Bb7 15. Qg3 Rfd8 16. Na4 Qa5 17. Bb2 Ne8 18. Rad1 Bf6 19. Bxf6 Nxf6 20. Qe3 Rac8 21. Qc5 Qxc5 22. Nxc5 Ba8 23. f4 Kf8 24. Kf2 Ke7 25. Ke3 Nd7 26. Nxd7 Rxd7 27. Rxd7+ Kxd7 28. c5 Kc7 29. Rd1 Rd8 30. Rxd8 Kxd8 31. Ba6 Kc7 32. Kd4 Bb7 33. Bd3 h6 34. h4 Bc8 35. b4 Bd7 36. a4 Be8 37. b5 f6 38. g3 Bh5 39. Bc4 Bd1 40. a5 cxb5 1/2-1/2

[Event "3rd Golden Autumn, Alushta UKR"]
[Site "?"]
[Date "2001.??.??"]
[Round "?"]
[White "Murashko, V."]
[Black "Shalimov, V UKR."]
[Result "1-0"]
[WhiteElo "2435"]
[BlackElo "2435"]
[PlyCount "105"]
[EventDate "2001.??.??"]
[Source "www.chesslib.no"]
[SourceDate "2004.05.04"]

1. c4 Nf6 2. Nc3 e6 3. e4 c5 4. e5 Ng8 5. d4 cxd4 6. Qxd4 Nc6 7. Qe4 d6 8. Nf3 dxe5 9. Nxe5 Bd7 10. Nxd7 Qxd7 11. Bg5 Bb4 12. Rd1 Qc7 13. Be2 Nf6 14. Qe3 Qa5 15. O-O Bxc3 16. bxc3 Qe5 17. Rb1 Qxe3 18. Bxe3 O-O-O 19. Bf3 Rd7 20. Rb5 Rhd8 21. h3 a6 22. Rg5 Ne7 23. Rc5+ Kb8 24. Bf4+ Ka7 25. Rb1 Rc8 26. Be3 Rxc5 27. Bxc5+ Kb8 28. g4 Nc8 29. Bf8 g6 30. c5 b5 31. Bg7 Rd3 32. Be2 Rd2 33. Bxb5 axb5 34. Rxb5+ Kc7 35. Bxf6 Rxa2 36. g5 Na7 37. Rb4 e5 38. Bxe5+ Kd7 39. Rf4 Nc6 40. Rxf7+ Ke6 41. Rf6+ Kxe5 42. Rxc6 Rc2 43. Rc7 Rxc3 44. Rxh7 Kf5 45. h4 Kg4 46. Kg2 Rc2 47. c6 Rxc6 48. f3+ Kf4 49. Rf7+ Ke5 50. Kg3 Ra6 51. Kg4 Ra1 52. Rf6 Rg1+ 53. Kh3 1-0